000 00996nam a22003137a 4500
003 CHAP
005 20220329143443.0
008 091016s2008 ck a r 00010 spa d
010 _a96894
011 _a97866
020 _a9789588307497
035 _a108538
040 _cCHAP
082 0 4 _a639.313098
_bE61
245 0 3 _aEl manejo de las pesquerías en los rios tropicales de Sudamérica
_c/por Danny Pinedo y Carlos Soria
260 _aColombia :
_bMayol,
_c2008
300 _a459 p. :
_bilus.
590 _aBATCH-UPD
_b10
_c20130110
_lUCH01
_h1001
590 _aBATCH-UPD
_b10
_c20130410
_lUCH01
_h0612
590 _aBATCH-UPD
_b10
_c20130914
_lUCH01
_h1909
590 _aCONVERSION
_b10
_c20130109
_lUCH01
_h1354
650 1 4 _aAcuicultura.
_9758
650 1 4 _aPesquería.
_987496
700 1 _aPinedo, Danny
_e, ed.
_988186
700 1 _aSoria, Carlos
_e,ed.
_9108762
901 _aBK
942 _cLIBRO
949 _a639.313098 E61
_bBC
_cLIBRO
_d33724002136603
_eLIBRO
_gI.c/e
_h111113
_i108538
_sb
999 _c96894
_d96894